| 000 | 00852nam a2200277Ia 4500 | ||
|---|---|---|---|
| 008 | 180523s9999 xx 000 0 und d | ||
| 020 | _a0-321-10374-2 | ||
| 050 | _aMAIN PE 1408 | ||
| 050 | _b.B64 2004 | ||
| 100 | _aBoeck, Tammy Montgomery. | ||
| 245 | 0 | _aConnections : | |
| 245 | 0 | _bwriting, reading, and critical thinking / | |
| 245 | 0 | _cTammy Montgomery Boeck, Megan C. Rainey. | |
| 250 | _a2nd Edition | ||
| 260 | _aSingapore : | ||
| 260 | _bPearson Education South Asia, | ||
| 260 | _c2004 | ||
| 300 | _a563 pages : | ||
| 300 | _billustrations ; | ||
| 300 | _c23 cm. | ||
| 500 | _aIncludes bibliographical references and index. | ||
| 650 | _aEnglish language -- Rhetoric. | ||
| 650 | _aReport writing -- Problems, exercisesm etc. | ||
| 650 | _xCollege readers. | ||
| 650 | _xCritical thinking -- Problems, exercises, etc. | ||
| 999 |
_c357376 _d357376 |
||